000 00878nam a2200253 a 4500
001 20931
003 BD-RjUL
005 20211209000629.0
008 140302s1966 enk 000 0 eng u
035 _a66-72516
035 _a(BD-RjUL)20993
040 _aBUF
_dm.c
_dEQO
_beng
_cBD-RjUL
041 _aeng
082 _a823.34
_bBUG 1966
100 1 _aBunyan, John,
_d1628-1688.
_qJohn Bunyan.
_964665
245 1 0 _aGrace abounding to the chief of sinners :
_band, The pilgrim's progress from this world to that which is to come /
_cedited with an introd. by Roger Sharrock
260 _aOxford University Press :
_bLondon,
_c1966.
300 _axi, 412 p. :
_bfront. (port.) 3 facsims ;
_c23 cm.
490 0 _aOxford standard authors
700 1 _aBunyan, John,
_d1628-1688.
_tPilgrim's progress.
_964666
942 _2ddc
_cBK
999 _c20931
_d20931